000 00605nam a2200217Ia 4500
005 20241129115624.0
008 241129s9999||||xx |||||||||||||| ||und||
020 _a9789353884581
037 _aTB
040 _aSDCL
_beng
_cSDCL
041 _aeng
_2eng
084 _aY72.2'Ng R1
_qSDCL
100 _aAmbagudia Jagannath Ed.; Xaxa Virginius Ed.
_9727931
245 0 _aHandbook of tribal politics in India
260 _aNew Delhi
_bSage
_c2021
300 _axxxiv,557p.
365 _aINR
_b3995
650 _aPolitical Science
942 _cTB
_hY72.2'Ng R1
999 _c1231257
_d1231257